=LDR 00000nam 2200000 4500 =001 INLIS000000000046659 =005 20150417154625.0 =006 =007 =008 =035 ##$$0010-041500000000141 =082 ##$$a 495.6-Sem-n =100 ##$$a Muryani J.Semita =245 ##$$a Nihon moji =260 ##$$a Jogjakarta $b Diva Press $c 2009 =300 ##$$a 427 Hlm $c 21 Cm =850 ##$$aNBPNMAT =990 ##$$a 0001/BPAP-NTB/20142015 =990 ##$$a 0001/BPAP-NTB/2016 =990 ##$$a 0001/BPAP-NTB/2016